[Event "World Open"]
[Site "Arlington, VA"]
[Date "2013.07.01"]
[Round "1.1"]
[White "Rentala, Nagendra"]
[Black "Shankland, Sam"]
[Result "0-1"]
[WhiteElo "2265"]
[BlackElo "2599"]
[PlyCount "72"]
[EventDate "2013.07.??"]
[EventType "swiss"]
[EventRounds "9"]
[EventCountry "USA"]

1. e4 c5 2. b3 e6 3. Bb2 b6 4. Nc3 Bb7 5. Nf3 Nc6 6. Bb5 Nd4 7. O-O Nf6 8. Bd3
Be7 9. Re1 O-O 10. Nxd4 cxd4 11. Nb5 e5 12. c4 d6 13. Na3 Nd7 14. Bf1 Nc5 15.
d3 Qd7 16. g3 f5 17. Bh3 Ne6 18. Bc1 fxe4 19. dxe4 Rf6 20. Bg4 Rg6 21. Bd2 Rf8
22. Nc2 Qe8 23. Nb4 Bg5 24. Nd5 Bxd2 25. Bxe6+ Qxe6 26. Qxd2 Bxd5 27. exd5 Qh3
28. Re4 Rh6 29. f4 exf4 30. Qg2 fxg3 31. hxg3 Qh5 32. g4 Qg5 33. Rd1 Rhf6 34.
Qg3 h5 35. Rdxd4 Qc1+ 36. Re1 Rf1+ 0-1

[Event "World Open"]
[Site "Arlington, VA"]
[Date "2013.07.01"]
[Round "1.2"]
[White "Ramirez, Alejandro"]
[Black "Maldonado, Oscar"]
[Result "1-0"]
[WhiteElo "2583"]
[BlackElo "2194"]
[PlyCount "99"]
[EventDate "2013.07.??"]
[EventType "swiss"]
[EventRounds "9"]
[EventCountry "USA"]
[WhiteClock "1:32:37"]
[BlackClock "1:16:21"]

1. d4 Nf6 2. c4 g6 3. g3 Bg7 4. Bg2 O-O 5. Nf3 d6 6. Nc3 c6 7. O-O d5 8. cxd5
cxd5 9. Ne5 e6 10. Bf4 Nfd7 11. Nxd7 Qxd7 12. Be5 Bxe5 13. dxe5 Nc6 14. f4 Ne7
15. Qd2 Qc7 16. e4 Qb6+ 17. Kh1 dxe4 18. Nxe4 Rd8 19. Nf6+ Kg7 20. Qf2 Qxf2 21.
Rxf2 a5 22. Rc2 Rb8 23. Rc7 Nd5 24. Rd1 b6 25. Kg1 Bb7 26. Bxd5 Bxd5 27. Nxd5
Rxd5 28. Rxd5 exd5 29. e6 Re8 30. Rxf7+ Kg8 31. Rd7 Rxe6 32. Rxd5 Rc6 33. Rb5
Kf7 34. h3 Ke6 35. Kf2 Kd6 36. Kf3 Kc7 37. Rb3 Kb7 38. g4 Rc2 39. f5 gxf5 40.
gxf5 a4 41. Re3 Rc7 42. Kf4 Rf7 43. Re6 Ka6 44. f6 Rc7 45. Re7 Rc2 46. Re3 Rc4+
47. Kf5 Rc5+ 48. Ke6 Rc6+ 49. Ke7 Rc7+ 50. Kd8 1-0

[Event "World Open"]
[Site "Arlington, VA"]
[Date "2013.07.01"]
[Round "1.3"]
[White "Abdi, Farzad"]
[Black "Leon Hoyos, Manuel"]
[Result "0-1"]
[WhiteElo "1983"]
[BlackElo "2580"]
[PlyCount "58"]
[EventDate "2013.07.??"]
[EventType "swiss"]
[EventRounds "9"]
[EventCountry "USA"]
[WhiteClock "0:33:44"]
[BlackClock "1:04:38"]

1. e4 c5 2. Nf3 g6 3. c4 Nc6 4. d4 cxd4 5. Nxd4 Nf6 6. Nc3 d6 7. Be2 Nxd4 8.
Qxd4 Bg7 9. f3 O-O 10. Qf2 a5 11. Na4 Nd7 12. Be3 b6 13. Bd4 Nc5 14. Bxg7 Kxg7
15. Nc3 e5 16. g4 Ne6 17. O-O-O Ba6 18. Nd5 Rc8 19. Qxb6 Bxc4 20. Qxd8 Bxe2+
21. Qxc8 Rxc8+ 22. Kd2 Bxf3 23. Rc1 Rb8 24. Rhe1 Rxb2+ 25. Rc2 Rb8 26. h3 Nd4
27. Rc4 Rb2+ 28. Ke3 Bg2 29. Rb4 Rxb4 0-1

[Event "World Open"]
[Site "Arlington, VA"]
[Date "2013.07.01"]
[Round "1.4"]
[White "Holt, Conrad"]
[Black "Salej, Jorge"]
[Result "1-0"]
[WhiteElo "2530"]
[BlackElo "2114"]
[PlyCount "59"]
[EventDate "2013.07.??"]
[EventType "swiss"]
[EventRounds "9"]
[EventCountry "USA"]
[WhiteClock "1:14:58"]
[BlackClock "0:21:45"]

1. d4 d5 2. c4 c6 3. Nf3 Nf6 4. Nc3 a6 5. e3 b5 6. b3 Bg4 7. Bd2 e6 8. h3 Bh5
9. g4 Bg6 10. Ne5 Nfd7 11. Nxg6 hxg6 12. Bg2 bxc4 13. bxc4 Nb6 14. cxd5 cxd5
15. O-O N8d7 16. e4 dxe4 17. Nxe4 Be7 18. Ba5 Rb8 19. d5 exd5 20. Nc3 O-O 21.
Nxd5 Bc5 22. Rc1 Rc8 23. Rb1 Rb8 24. Rc1 Rc8 25. Qd2 Kh8 26. Rfd1 Qe8 27. Rxc5
Rxc5 28. Nxb6 Nxb6 29. Bxb6 Re5 30. Bd4 1-0

[Event "World Open"]
[Site "Arlington, VA"]
[Date "2013.07.01"]
[Round "1.5"]
[White "Al Khateeb, Taher"]
[Black "Yang, Darwin"]
[Result "0-1"]
[WhiteElo "1988"]
[BlackElo "2561"]
[PlyCount "70"]
[EventDate "2013.07.??"]
[EventType "swiss"]
[EventRounds "9"]
[EventCountry "USA"]

1. d4 Nf6 2. Bg5 c5 3. Bxf6 gxf6 4. dxc5 Qa5+ 5. c3 Qxc5 6. g3 Bg7 7. Bg2 Nc6
8. Nd2 f5 9. Nh3 e5 10. e4 Ne7 11. O-O O-O 12. Qh5 d5 13. Nb3 Qb5 14. exd5 Nxd5
15. Rfe1 h6 16. Qe2 Qxe2 17. Rxe2 Nb6 18. Nc5 Rb8 19. Nd3 e4 20. Ndf4 Bd7 21.
f3 Bb5 22. Ree1 Na4 23. c4 Bc6 24. fxe4 Bxb2 25. Rab1 Bd4+ 26. Kh1 Nc3 27. Rb2
fxe4 28. Rd2 Rfd8 29. Nd5 Nxd5 30. Rxd4 Nc3 31. Rxd8+ Rxd8 32. Nf2 e3 33. Ng4
Rd1 34. Rxd1 Nxd1 35. Nxh6+ Kf8 0-1

[Event "World Open"]
[Site "Arlington, VA"]
[Date "2013.07.01"]
[Round "1.7"]
[White "Lee, Kai"]
[Black "Gerzhoy, Leonid"]
[Result "0-1"]
[WhiteElo "2295"]
[BlackElo "2462"]
[PlyCount "104"]
[EventDate "2013.07.??"]
[EventType "swiss"]
[EventRounds "9"]
[EventCountry "USA"]

1. e4 e6 2. d4 d5 3. Nd2 Nf6 4. e5 Nfd7 5. Bd3 c5 6. c3 Nc6 7. Ne2 cxd4 8. cxd4
f6 9. exf6 Nxf6 10. Nf3 Bd6 11. O-O O-O 12. Bf4 Bxf4 13. Nxf4 Ne4 14. g3 Qf6
15. h4 Bd7 16. Re1 Qh6 17. Bxe4 Rxf4 18. Bxh7+ Qxh7 19. gxf4 Rf8 20. Qd2 Qh5
21. Re3 Rxf4 22. Qe2 Qg4+ 23. Kh2 e5 24. Nxe5 Qxh4+ 25. Kg2 Nxd4 26. Rh1 Qxh1+
27. Kxh1 Nxe2 28. Rxe2 Bf5 29. f3 d4 30. Kg2 g5 31. Rd2 Kg7 32. b3 Kf6 33. Nc4
Be6 34. Kg3 Bxc4 35. bxc4 Ke5 36. a4 Kd6 37. Rb2 Kc6 38. Rb5 d3 39. Rd5 Rxc4
40. Rxd3 Rxa4 41. Rc3+ Kd6 42. Rd3+ Ke6 43. Re3+ Kf6 44. Re8 Rb4 45. Rf8+ Kg7
46. Rf5 Kg6 47. Rf8 b6 48. Rg8+ Kf6 49. Rf8+ Kg7 50. Rf5 Kg6 51. Rd5 a5 52.
Rd6+ Kh5 0-1

[Event "World Open"]
[Site "Arlington, VA"]
[Date "2013.07.01"]
[Round "1.9"]
[White "Al Awadi, Waleed"]
[Black "Cornejo, Max"]
[Result "0-1"]
[WhiteElo "1962"]
[BlackElo "2466"]
[PlyCount "90"]
[EventDate "2013.07.??"]
[EventType "swiss"]
[EventRounds "9"]
[EventCountry "USA"]

1. e4 c5 2. Nc3 Nc6 3. g3 g6 4. Bg2 Bg7 5. d3 e6 6. Be3 Nd4 7. Qd2 Ne7 8. Nd1
e5 9. c3 Ne6 10. Bh6 O-O 11. h4 f6 12. Bxg7 Kxg7 13. Ne3 d6 14. Ne2 f5 15. Nd5
Nxd5 16. exd5 Nc7 17. O-O-O b5 18. f4 Bb7 19. h5 g5 20. h6+ Kh8 21. fxe5 dxe5
22. Qe3 Bxd5 23. Bxd5 Qxd5 24. c4 Qd6 25. Qxg5 Ne6 26. Qe3 b4 27. Ng1 Nd4 28.
Nf3 Rae8 29. Rde1 Nxf3 30. Qxf3 e4 31. dxe4 fxe4 32. Qg4 Qd4 33. Rd1 Qxc4+ 34.
Kb1 Qg8 35. Qh5 e3 36. Qxc5 Qg6+ 37. Ka1 e2 38. Rde1 Qe4 39. Qxa7 Re7 40. Qc5
Rd8 41. Qc1 Red7 42. b3 Rd2 43. a4 Qd4+ 44. Kb1 Qd3+ 45. Ka1 Qxb3 0-1

[Event "World Open"]
[Site "Arlington, VA"]
[Date "2013.07.01"]
[Round "1.10"]
[White "Shetty, Atulya"]
[Black "Finlay, Ian"]
[Result "1-0"]
[WhiteElo "2465"]
[BlackElo "2293"]
[PlyCount "63"]
[EventDate "2013.07.??"]
[EventType "swiss"]
[EventRounds "9"]
[EventCountry "USA"]

1. c4 f5 2. g3 g6 3. Bg2 Bg7 4. Nc3 Nf6 5. d3 O-O 6. e4 fxe4 7. dxe4 Nc6 8.
Nge2 e5 9. O-O d6 10. Nd5 Ne7 11. b3 c6 12. Nxf6+ Bxf6 13. Ba3 c5 14. Qd2 Nc6
15. Rad1 Be7 16. h3 Be6 17. Kh2 a6 18. f4 Qa5 19. Qc1 Rac8 20. Nc3 b5 21. cxb5
axb5 22. f5 b4 23. Na4 bxa3 24. fxe6 Nd4 25. Qc4 Qb4 26. Qxb4 cxb4 27. Nb6 Rc2
28. Nd5 Nc6 29. Rc1 Rxf1 30. Rxc2 Ra1 31. Rxc6 Rxa2 32. Nxe7+ 1-0

[Event "World Open"]
[Site "Arlington, VA"]
[Date "2013.07.02"]
[Round "2.1"]
[White "Shankland, Sam"]
[Black "Gerzhoy, Leonid"]
[Result "0-1"]
[WhiteElo "2601"]
[BlackElo "2469"]
[PlyCount "90"]
[EventDate "2013.07.??"]
[EventType "swiss"]
[EventRounds "9"]
[EventCountry "USA"]
[WhiteClock "0:33:16"]
[BlackClock "0:21:22"]

1. d4 Nf6 2. c4 e6 3. Nc3 Bb4 4. e3 c5 5. Nge2 cxd4 6. exd4 O-O 7. a3 Be7 8.
Nf4 d5 9. cxd5 exd5 10. Bd3 Nc6 11. Be3 Be6 12. O-O Rc8 13. Rc1 Bd6 14. Re1
Nxd4 15. Bxh7+ Nxh7 16. Qxd4 Rc4 17. Nxe6 fxe6 18. Qd3 Rh4 19. g3 Ng5 20. Bxg5
Qxg5 21. Nb5 Bb8 22. Rc2 Rh6 23. Rce2 Qg4 24. Nd4 e5 25. Nc2 d4 26. Nb4 Qh5 27.
h4 a5 28. Nd5 Qf7 29. Qc4 Kh8 30. Qc5 Bd6 31. Qc4 Bb8 32. Qc5 Bd6 33. Qc4 b5
34. Qxb5 e4 35. Qc4 d3 36. Rd2 Rxh4 37. Rxe4 Rh6 38. Qxd3 g5 39. Qe2 Qh7 40.
Nf6 Rh1+ 41. Kg2 Qh3+ 42. Kf3 Rxf6+ 43. Ke3 Bf4+ 44. Kd3 Qd7+ 45. Kc4 Qa4+ 0-1

[Event "World Open"]
[Site "Arlington, VA"]
[Date "2013.07.02"]
[Round "2.2"]
[White "Cornejo, Max"]
[Black "Ramirez, Alejandro"]
[Result "1/2-1/2"]
[WhiteElo "2395"]
[BlackElo "2583"]
[PlyCount "46"]
[EventDate "2013.07.??"]
[EventType "swiss"]
[EventRounds "9"]
[EventCountry "USA"]
[WhiteClock "0:23:38"]
[BlackClock "1:03:46"]

1. e4 c5 2. Nf3 Nc6 3. Bb5 e6 4. Bxc6 bxc6 5. d3 Ne7 6. Qe2 f6 7. Nh4 g6 8. f4
Bg7 9. c4 O-O 10. O-O d6 11. Nf3 e5 12. Nc3 h6 13. fxe5 fxe5 14. Be3 Kh7 15.
Nd2 Be6 16. Rxf8 Qxf8 17. Rf1 Qe8 18. Nd1 Ng8 19. Nf2 Rb8 20. Rb1 Nf6 21. Nf1
Nh5 22. g3 Qf7 23. Bd2 Qd7 1/2-1/2

[Event "World Open"]
[Site "Arlington, VA"]
[Date "2013.07.02"]
[Round "2.3"]
[White "Leon Hoyos, Manuel"]
[Black "Shetty, Atulya"]
[Result "1/2-1/2"]
[WhiteElo "2568"]
[BlackElo "2320"]
[PlyCount "164"]
[EventDate "2013.07.??"]
[EventType "swiss"]
[EventRounds "9"]
[EventCountry "USA"]
[WhiteClock "0:06:30"]
[BlackClock "0:03:55"]

1. c4 e5 2. g3 Nc6 3. Nc3 g6 4. Bg2 Bg7 5. e4 Nd4 6. Nge2 Nxe2 7. Nxe2 Ne7 8.
d4 exd4 9. Nxd4 O-O 10. O-O d6 11. Bg5 h6 12. Be3 Nc6 13. Nxc6 bxc6 14. Qd2 Kh7
15. Rad1 Bg4 16. f3 Be6 17. b3 Qc8 18. f4 Bh3 19. f5 Bxg2 20. Kxg2 Re8 21. Qd3
Qd8 22. Bd4 Bxd4 23. Qxd4 Qe7 24. Rde1 g5 25. c5 Rad8 26. Qc4 dxc5 27. e5 Rd4
28. Qc3 Qd7 29. Qxc5 Rd5 30. e6 fxe6 31. Qe3 Rd3 32. fxe6 Qd5+ 33. Qe4+ Qxe4+
34. Rxe4 Kg6 35. e7 Kg7 36. Kh3 Rd7 37. Rfe1 h5 38. Kg2 Kf7 39. Rf1+ Kg7 40.
Rf5 Rd5 41. Rxd5 cxd5 42. Re5 Kf6 43. Rxd5 Rxe7 44. Ra5 c5 45. Kf3 Rc7 46. Ra4
Ke5 47. Ke3 Kd5 48. Re4 Rc6 49. Ra4 a6 50. h4 Re6+ 51. Kf3 Rf6+ 52. Kg2 g4 53.
Rc4 Rf5 54. Rc1 Kc6 55. Re1 Kb5 56. Re4 Kc6 57. Re8 Kb5 58. Rb8+ Kc6 59. Rg8
Rd5 60. Kf1 Rf5+ 61. Ke1 Rf3 62. Rh8 Rxg3 63. Rh6+ Kb5 64. Rxh5 Rg2 65. a3 Rg3
66. Rh8 Kc6 67. Rc8+ Kb7 68. Rxc5 Rxb3 69. a4 Rb4 70. Kf2 Rxa4 71. Kg3 Kb6 72.
Rg5 Ra1 73. Kxg4 a5 74. h5 Rh1 75. Kf5 a4 76. Kg6 a3 77. Rg2 Kb5 78. h6 Kb4 79.
h7 Kb3 80. Kg7 Rxh7+ 81. Kxh7 a2 82. Rxa2 Kxa2 1/2-1/2

[Event "World Open"]
[Site "Arlington, VA"]
[Date "2013.07.02"]
[Round "2.4"]
[White "Rahman, Md Taibur"]
[Black "Holt, Conrad"]
[Result "1-0"]
[WhiteElo "2301"]
[BlackElo "2531"]
[PlyCount "147"]
[EventDate "2013.07.??"]
[EventType "swiss"]
[EventRounds "9"]
[EventCountry "USA"]
[WhiteClock "0:06:27"]
[BlackClock "0:02:44"]

1. d4 d5 2. c4 c6 3. Nf3 Nf6 4. Nc3 dxc4 5. a4 Bf5 6. Ne5 Nbd7 7. Nxc4 Nb6 8.
Ne3 Bg6 9. a5 Nbd5 10. Nexd5 Nxd5 11. Qb3 Rb8 12. Nxd5 Qxd5 13. Qxd5 cxd5 14.
Bf4 e5 15. dxe5 Bb4+ 16. Bd2 Bxd2+ 17. Kxd2 Rc8 18. e4 dxe4 19. Ra4 Ke7 20. Rb4
Rhd8+ 21. Ke3 Rc1 22. Rxb7+ Kf8 23. Rxa7 Re1+ 24. Kf4 e3 25. fxe3 Rb8 26. Rd7
f6 27. exf6 gxf6 28. a6 Ra1 29. Rb7 Re8 30. b4 Re4+ 31. Kf3 Re8 32. Rb6 Kg7 33.
h4 h5 34. Kf2 Rd8 35. Rb7+ Kh6 36. Rb6 Kg7 37. b5 Be4 38. Re6 Bd5 39. Re7+ Kh6
40. b6 Ra2+ 41. Kg3 Rg8+ 42. Kh2 Rg4 43. e4 Bxe4 44. Rxe4 Rxe4 45. b7 Rxh4+ 46.
Kg1 Rb4 47. Rh3 Ra1 48. Rg3 Rbb1 49. Rf3 Kg5 50. Kh2 h4 51. Rf5+ Kg6 52. Ra5
Rxf1 53. Rxa1 Rxa1 54. b8=Q Rxa6 55. Qg8+ Kh6 56. Qc4 Ra5 57. Kh3 Rg5 58. Qf4
Kg6 59. Qe4+ Kh6 60. Kxh4 Re5 61. Qb7 Kg6 62. Qb1+ Kh6 63. Qb8 Kg6 64. Qg8+ Kh6
65. Qf7 Rf5 66. g3 Rf2 67. Kg4 Rf1 68. Qc4 Rf2 69. Qd4 Rf1 70. Qd3 Ra1 71. Kf5
Kg7 72. Qd7+ Kh6 73. Kxf6 Ra6+ 74. Kf7 1-0

[Event "World Open"]
[Site "Arlington, VA"]
[Date "2013.07.02"]
[Round "2.5"]
[White "Prilleltensky, Matan"]
[Black "Hossain, Enamul"]
[Result "0-1"]
[WhiteElo "2186"]
[BlackElo "2487"]
[PlyCount "98"]
[EventDate "2013.07.??"]
[EventType "swiss"]
[EventRounds "9"]
[EventCountry "USA"]

1. d4 Nf6 2. c4 d6 3. Nc3 Nbd7 4. Nf3 e5 5. e3 Be7 6. g3 O-O 7. Bg2 exd4 8.
exd4 Nb6 9. b3 Bf5 10. O-O Ne4 11. Bb2 Bf6 12. Re1 Re8 13. Nxe4 Bxe4 14. Rxe4
Rxe4 15. Ne5 Rxd4 16. Bxd4 dxe5 17. Bxb6 axb6 18. Bxb7 Rb8 19. Bd5 Be7 20. Qf3
Qf8 21. Re1 Bd6 22. h4 Qe7 23. h5 Rf8 24. Qf5 Kh8 25. Kg2 g6 26. Qh3 Qg5 27.
Rh1 f5 28. hxg6 Qxg6 29. Qh6 Qxh6 30. Rxh6 Kg7 31. Rh1 Kg6 32. g4 fxg4 33. Be4+
Kg5 34. Rxh7 Rf4 35. Bd5 Kg6 36. Rd7 Rd4 37. Kg3 Rf4 38. a4 Rd4 39. c5 Bxc5 40.
Bf7+ Kf5 41. Rxd4 exd4 42. Kg2 d3 43. Kf1 Bb4 44. Bc4 Ke4 45. Be6 Kd4 46. Bxg4
Kc3 47. Bf5 c5 48. f4 Kxb3 49. Bxd3 c4 0-1

[Event "World Open"]
[Site "Arlington, VA"]
[Date "2013.07.02"]
[Round "2.6"]
[White "Yang, Darwin"]
[Black "Liang, Awonder"]
[Result "1-0"]
[WhiteElo "2485"]
[BlackElo "2053"]
[PlyCount "83"]
[EventDate "2013.07.??"]
[EventType "swiss"]
[EventRounds "9"]
[EventCountry "USA"]

1. d4 Nf6 2. c4 g6 3. f3 Bg7 4. e4 d6 5. Nc3 O-O 6. Nge2 c5 7. d5 e6 8. Ng3
exd5 9. cxd5 a6 10. a4 Nbd7 11. Be2 h5 12. O-O Re8 13. Be3 Rb8 14. Qd2 Ne5 15.
h3 h4 16. Nh1 c4 17. a5 Nd3 18. b3 Nc5 19. Bxc4 Nh5 20. b4 Nd7 21. Rac1 f5 22.
exf5 gxf5 23. f4 Ndf6 24. Be2 Ng3 25. Nxg3 hxg3 26. Bb6 Qe7 27. Rf3 Bd7 28.
Rxg3 Rbc8 29. Bd4 Kf8 30. Rf1 Bh8 31. Re3 Qf7 32. Rxe8+ Rxe8 33. Qb2 Bg7 34. b5
axb5 35. Bxb5 Bxb5 36. Nxb5 Ne4 37. Rc1 Bh6 38. Nc7 Re7 39. Ne6+ Kg8 40. Rc8+
Kh7 41. Qb6 Ng3 42. Qd8 1-0

[Event "World Open"]
[Site "Arlington, VA"]
[Date "2013.07.02"]
[Round "2.7"]
[White "Salej, Jorge"]
[Black "Mandizha, Farai"]
[Result "0-1"]
[WhiteElo "2114"]
[BlackElo "2390"]
[PlyCount "58"]
[EventDate "2013.07.??"]
[EventType "swiss"]
[EventRounds "9"]
[EventCountry "USA"]

1. d4 Nf6 2. c4 e6 3. Nf3 Bb4+ 4. Bd2 Be7 5. g3 d5 6. Qc2 O-O 7. Bg2 c6 8. O-O
b6 9. Bf4 Nbd7 10. Rd1 Ba6 11. b3 Rc8 12. Nbd2 Nh5 13. Be3 f5 14. Nf1 Bd6 15.
Bc1 Qf6 16. Bb2 g5 17. Rac1 g4 18. Ne1 f4 19. Nd3 Qf5 20. Qc3 Ndf6 21. Qe1 Ne4
22. Ne5 Qg5 23. Nd2 fxg3 24. Nxe4 gxh2+ 25. Kxh2 dxe4 26. e3 Rxf2 27. Rd2 Rcf8
28. Rcc2 Qh4+ 29. Kg1 Rxg2+ 0-1

[Event "World Open"]
[Site "Arlington, VA"]
[Date "2013.07.02"]
[Round "2.9"]
[White "Al Hamlan, Faisal"]
[Black "Rentala, Nagendra"]
[Result "0-1"]
[WhiteElo "1995"]
[BlackElo "2265"]
[PlyCount "76"]
[EventDate "2013.07.??"]
[EventType "swiss"]
[EventRounds "9"]
[EventCountry "USA"]

1. d4 e6 2. c4 f5 3. Nc3 Nf6 4. Nf3 Be7 5. e3 d5 6. Bd3 c6 7. a4 a5 8. O-O Na6
9. Ne5 O-O 10. b3 Nb4 11. Ba3 Qe8 12. Bxb4 axb4 13. Ne2 Nd7 14. Nxd7 Bxd7 15.
c5 b6 16. cxb6 Ra5 17. Nf4 g5 18. Nh5 e5 19. dxe5 Qb8 20. f4 Qxb6 21. Qf3 g4
22. Qe2 Be6 23. h3 gxh3 24. g4 Kh8 25. Kh2 fxg4 26. f5 Qc7 27. fxe6 Qxe5+ 28.
Nf4 Bd6 29. Kh1 Rg8 30. Rg1 g3 31. Ra2 g2+ 32. Kh2 Ra7 33. Qf3 Rag7 34. Re2 Rg4
35. Rf2 Qf6 36. Re2 Rxf4 37. exf4 Bxf4+ 38. Kxh3 Qh6+ 0-1

[Event "World Open"]
[Site "Arlington, VA"]
[Date "2013.07.02"]
[Round "2.10"]
[White "Maldonado, Oscar"]
[Black "Al Khateeb, Taher"]
[Result "1-0"]
[WhiteElo "2194"]
[BlackElo "1984"]
[PlyCount "70"]
[EventDate "2013.07.??"]
[EventType "swiss"]
[EventRounds "9"]
[EventCountry "USA"]

1. Nf3 Nf6 2. d4 d6 3. c4 Nbd7 4. g3 e5 5. Bg2 c6 6. Nc3 Be7 7. e4 O-O 8. O-O
a6 9. Qc2 Qc7 10. Be3 Ng4 11. Bd2 Ngf6 12. h3 Re8 13. Rac1 Bf8 14. Be3 b6 15.
Rfd1 Bb7 16. d5 cxd5 17. Nxd5 Nxd5 18. cxd5 Qxc2 19. Rxc2 Rac8 20. Rdc1 Rxc2
21. Rxc2 Rc8 22. Ne1 Be7 23. h4 Rxc2 24. Nxc2 Kf8 25. Bh3 Nc5 26. f3 Ke8 27.
Bf1 f5 28. b4 Na4 29. b5 a5 30. Na3 Bd8 31. Nc4 Bc7 32. Bd3 fxe4 33. fxe4 Kd7
34. Bc2 Nc5 35. Bxc5 dxc5 1-0

[Event "World Open"]
[Site "Arlington, VA"]
[Date "2013.07.02"]
[Round "2.11"]
[White "Mercere, Eduardo"]
[Black "Lee, Kai"]
[Result "0-1"]
[WhiteElo "1796"]
[BlackElo "2164"]
[PlyCount "62"]
[EventDate "2013.07.??"]
[EventType "swiss"]
[EventRounds "9"]
[EventCountry "USA"]

1. e4 c5 2. Nf3 e6 3. d3 d5 4. Nbd2 Nc6 5. g3 Bd6 6. Bg2 Nge7 7. O-O Qc7 8. c3
O-O 9. Nh4 f6 10. f4 b5 11. f5 Qb6 12. Kh1 Ne5 13. Ndf3 Bb7 14. Nxe5 Bxe5 15.
Be3 Rad8 16. Qg4 exf5 17. exf5 d4 18. Bh6 Rf7 19. Rae1 Bxg2+ 20. Kxg2 Qb7+ 21.
Kh3 Nc6 22. cxd4 Rxd4 23. Bf4 Bxf4 24. Rxf4 Ne5 25. Rxd4 Nxg4 26. Rd8+ Rf8 27.
Rxf8+ Kxf8 28. Kxg4 Qd5 29. Re6 Qxd3 30. Ra6 c4 31. Nf3 Qe4+ 0-1

[Event "World Open"]
[Site "Arlington, VA"]
[Date "2013.07.03"]
[Round "1.13"]
[White "Alzate, Dario"]
[Black "Bruzon Batista, Lazaro"]
[Result "0-1"]
[WhiteElo "2365"]
[BlackElo "2689"]
[PlyCount "66"]
[EventDate "2013.07.??"]
[EventType "swiss"]
[EventRounds "9"]
[EventCountry "USA"]

1. Nf3 c5 2. e4 d6 3. d4 cxd4 4. Nxd4 Nf6 5. Nc3 a6 6. Be3 e5 7. Nb3 Be6 8. f4
Qc7 9. f5 Bc4 10. Bxc4 Qxc4 11. Qe2 Qxe2+ 12. Kxe2 Nbd7 13. a4 Rc8 14. a5 d5
15. exd5 Bb4 16. Rhd1 Bxc3 17. bxc3 Rxc3 18. d6 g6 19. Rab1 gxf5 20. Nd2 Nd5
21. Nf1 Rxc2+ 22. Kd3 Rc6 23. Rxb7 Rxd6 24. Kc4 Rg8 25. h3 Nxe3+ 26. Nxe3 Rxd1
27. Nxd1 f4 28. Ra7 Rxg2 29. Nc3 f6 30. Rxa6 f3 31. Ra8+ Kf7 32. Ra7 f2 33.
Rxd7+ Ke6 0-1

[Event "World Open"]
[Site "Arlington, VA"]
[Date "2013.07.03"]
[Round "1.14"]
[White "Laznicka, Viktor"]
[Black "Thavandiran, Shiyam"]
[Result "1-0"]
[WhiteElo "2684"]
[BlackElo "2338"]
[PlyCount "37"]
[EventDate "2013.07.??"]
[EventType "swiss"]
[EventRounds "9"]
[EventCountry "USA"]
[WhiteClock "0:51:59"]
[BlackClock "0:41:17"]

1. d4 e6 2. c4 Bb4+ 3. Nd2 Nf6 4. a3 Be7 5. e4 d5 6. e5 Nfd7 7. Qg4 O-O 8. Ndf3
Kh8 9. Nh3 h6 10. Qh5 Kg8 11. Bxh6 gxh6 12. Qxh6 f5 13. Qg6+ Kh8 14. Nhg5 Bxg5
15. Nxg5 Qe7 16. O-O-O f4 17. Rd3 f3 18. Rxf3 Rxf3 19. gxf3 1-0

[Event "World Open"]
[Site "Arlington, VA"]
[Date "2013.07.03"]
[Round "1.15"]
[White "Getz, Alec"]
[Black "Milov, Vadim"]
[Result "0-1"]
[WhiteElo "2332"]
[BlackElo "2643"]
[PlyCount "46"]
[EventDate "2013.07.??"]
[EventType "swiss"]
[EventRounds "9"]
[EventCountry "USA"]
[WhiteClock "0:01:45"]
[BlackClock "0:38:56"]

1. e4 c5 2. Nf3 e6 3. d4 cxd4 4. Nxd4 a6 5. Bd3 Bc5 6. Nb3 Be7 7. O-O d6 8. Qg4
Nf6 9. Qxg7 Rg8 10. Qh6 Nbd7 11. Qe3 Qc7 12. h3 b5 13. a4 b4 14. c4 Bb7 15. Nd4
Nc5 16. Nd2 O-O-O 17. b3 Rg6 18. Bb2 Rdg8 19. g3 Nh5 20. Kh2 Nxg3 21. fxg3 Rxg3
22. N4f3 Bg5 23. Qe2 Bf4 0-1

[Event "World Open"]
[Site "Arlington, VA"]
[Date "2013.07.03"]
[Round "1.16"]
[White "Yuniesky, Quesada"]
[Black "Kaufman, Lawrence"]
[Result "1/2-1/2"]
[WhiteElo "2639"]
[BlackElo "2325"]
[PlyCount "61"]
[EventDate "2013.07.??"]
[EventType "swiss"]
[EventRounds "9"]
[EventCountry "USA"]
[WhiteClock "0:32:29"]
[BlackClock "0:12:43"]

1. e4 c6 2. d4 d5 3. e5 Bf5 4. Nf3 e6 5. Be2 Ne7 6. O-O h6 7. Nbd2 Nd7 8. Nb3
g5 9. Ne1 Bg7 10. f4 gxf4 11. Bxf4 Qb6 12. a4 a6 13. a5 Qa7 14. Kh1 O-O-O 15.
Nd3 f6 16. exf6 Bxf6 17. Ndc5 Nxc5 18. Nxc5 Ng6 19. Bg3 Be7 20. b4 Bd6 21. Bxd6
Rxd6 22. Bd3 Ne7 23. Qh5 Qb8 24. Rae1 Qc7 25. Bxf5 Nxf5 26. Nxe6 Ng7 27. Rf7
Nxh5 28. Rxc7+ Kb8 29. Re7 Ka8 30. Rf1 Rg8 31. g4 1/2-1/2

[Event "World Open"]
[Site "Arlington, VA"]
[Date "2013.07.03"]
[Round "1.18"]
[White "Robson, Ray"]
[Black "Boor, Carl"]
[Result "1-0"]
[WhiteElo "2628"]
[BlackElo "2309"]
[PlyCount "57"]
[EventDate "2013.07.??"]
[EventType "swiss"]
[EventRounds "9"]
[EventCountry "USA"]

1. e4 c6 2. d4 d5 3. e5 Bf5 4. Nf3 e6 5. Be2 Nd7 6. O-O Bg6 7. Nbd2 Nh6 8. Nb3
Be7 9. Bxh6 gxh6 10. Qd2 O-O 11. Qxh6 Bxc2 12. Rad1 Kh8 13. Bd3 Bxd3 14. Rxd3
Rg8 15. Ne1 Rg6 16. Qh5 Qg8 17. f4 c5 18. dxc5 Nxc5 19. Nxc5 Bxc5+ 20. Kh1 Qg7
21. Rh3 Rf8 22. Nf3 f6 23. exf6 Rgxf6 24. g3 Rf5 25. Qh6 e5 26. Rc1 Qxh6 27.
Rxh6 Bb6 28. Nxe5 Rxe5 29. fxe5 1-0

[Event "World Open"]
[Site "Arlington, VA"]
[Date "2013.07.03"]
[Round "1.20"]
[White "Corrales, Jimenez"]
[Black "Balasubramanian, Adithya"]
[Result "0-1"]
[WhiteElo "2597"]
[BlackElo "2298"]
[PlyCount "86"]
[EventDate "2013.07.??"]
[EventType "swiss"]
[EventRounds "9"]
[EventCountry "USA"]

1. e4 e5 2. Nf3 Nc6 3. Bb5 a6 4. Ba4 Nf6 5. O-O Be7 6. d3 b5 7. Bb3 O-O 8. a4
b4 9. Re1 d6 10. h3 Na5 11. Ba2 c5 12. Nbd2 Bd7 13. Nc4 Nxc4 14. Bxc4 h6 15. c3
a5 16. d4 cxd4 17. cxd4 Bc6 18. Bd3 Nd7 19. Be3 Rc8 20. Rc1 Bb7 21. Qd2 Rxc1
22. Rxc1 exd4 23. Bxd4 Bf6 24. Rd1 Ne5 25. Nxe5 dxe5 26. Be3 Bg5 27. Bxg5 hxg5
28. Bc4 Qf6 29. Qd3 Qf4 30. Bd5 Bc8 31. b3 g4 32. h4 Qf6 33. Qg3 Rd8 34. Rc1
Bd7 35. Rc5 Rc8 36. Rxa5 Rc1+ 37. Kh2 Rc3 38. f3 gxf3 39. Qf2 Qf4+ 40. g3 Qc1
41. Ra8+ Kh7 42. Bxf7 Rc2 43. Bg8+ Kh6 0-1

[Event "World Open"]
[Site "Arlington, VA"]
[Date "2013.07.03"]
[Round "1.21"]
[White "Kleinman, Michael"]
[Black "Kacheishvili, Giorgi"]
[Result "0-1"]
[WhiteElo "2298"]
[BlackElo "2588"]
[PlyCount "98"]
[EventDate "2013.07.??"]
[EventType "swiss"]
[EventRounds "9"]
[EventCountry "USA"]

1. e4 c5 2. Nf3 d6 3. d4 cxd4 4. Qxd4 a6 5. h3 Nc6 6. Qe3 g6 7. c4 Be6 8. Be2
Rc8 9. O-O Bg7 10. Rd1 Qa5 11. Bd2 Qc5 12. Qxc5 dxc5 13. Bc3 Nf6 14. Ng5 O-O
15. e5 Nh5 16. Nxe6 fxe6 17. Re1 Nf4 18. Bf1 Rcd8 19. Na3 Nb4 20. Re3 Bh6 21.
Re4 Nfd3 22. Bxd3 Rxd3 23. Re2 Rfd8 24. Kh2 Bd2 25. Bxb4 Bxb4 26. Rc1 Kf7 27.
Nb1 R8d4 28. g3 g5 29. Kg2 h5 30. b3 Kg6 31. Rec2 Kf5 32. Nc3 Rd2 33. Ne2 R4d3
34. Ng1 Ba3 35. Rxd2 Rxd2 36. Re1 Rxa2 37. Rd1 Bb4 38. Nf3 g4 39. Nh4+ Kxe5 40.
Ng6+ Kf5 41. Nf4 gxh3+ 42. Nxh3 Rd2 43. Rxd2 Bxd2 44. Kf3 e5 45. Ng1 e4+ 46.
Ke2 Bh6 47. Kd1 Kg4 48. Ke2 Bg7 49. Kf1 e3 0-1